000 02409nam a2200385 c 4500
999 _c167493
_d167493
003 BLK
005 20220210144412.0
008 180411b bul|||||r ||||||| ||bul||
010 _aKNG00175301000
040 _aBLK
041 _aBUL
_cBUL
072 7 _2bullib
_aК
_xКраезнание
080 _aЛен и подобните му влакнодайни растения (коноп, юта и др. )
_b633.52
_x:334.788.2(497.215)
_z633.52:334.788.2(497.215)
110 1 _aТърговско-индустриална камара. Русе
_9315118
139 _aТърговско-индустриална камара. Русе
_bТ 96
245 1 0 _aПроизводството на конопа в Северна България
_bРеф., изнесени в свиканата на 23 септ. 1934 г. в гр. Свищов от Русенската търг.-индустр. камара конф. и решенията на последната
257 _aBGR
260 _bРусенска търг.-индустр. камара
_c1934
_fРусе : Малджиев
300 _a51 с.
_bс табл.
_c23 см
380 _a63
500 _aСъдържа: Предг., с. 3-4 ; Значението на конопа за нашето нар. стопанство от д-р Никола Караиванов - началник на индустр. отд. при Русенската търг.-индустр. камара, с. 5-15 ; Конопът в Северна България от Илия Димитров, плевенски обл. инспектор по земеделието, с. 17-30 ; Организацията на производството и пласмента на конопа в Северна България от Тома Цоков - секретар на кооп. централа "Български коноп" Свищов, с. 31-47 ; Резолюция, с. 49-50
650 4 _aПолевъдство
_9166795
650 4 _aКамари, търговско-индустриални
_9280620
651 4 _aРусе
_9179462
653 _aполевъдство
653 _aРТИК
653 _aреферати
653 _aконоп
659 _aК
852 _aЦб 6.225.27523
852 _aК 63/Т 96
856 4 _qpdf
856 4 _qpdf
942 _cKNG
_n0
_s1
944 _aCR
_c15.05.2015
_kВаля_Йорданова
944 _aED
_c15.05.2015
_kВаля_Йорданова
999 _d167493
999 _d167493